| 000 | 00792nam a2200265Ia 4500 | ||
|---|---|---|---|
| 003 | OSt | ||
| 005 | 20220924123559.0 | ||
| 006 | a|||||r|||| 00| 0 | ||
| 007 | ta | ||
| 008 | 220923b |||||||| |||| 00| 0 san d | ||
| 020 | _a9788124606629 (hbk) | ||
| 020 | _c250 | ||
| 024 | _a273648 | ||
| 037 |
_b136, 04/09/2013, Eastern Book Linkers _cTextual |
||
| 040 |
_aARTS _cARTS _bsan |
||
| 041 |
_2san _asan |
||
| 082 | _aP15:3, Q3 | ||
| 100 |
_aSharma Shri Krishan Ed. _9193224 |
||
| 245 | 0 | _aSabdajyotsna of pandit Bhiksharam | |
| 260 |
_aNew Delhi _b D K Print World India _c2013 |
||
| 300 |
_axxviii, 97p. _ccm. |
||
| 650 | _aLINGUISTICS | ||
| 942 |
_hP15:3, Q3 _cTEXL _2CC |
||
| 999 |
_c416315 _d416315 |
||